Loading...
| Current Events | 1 | 10.00 | 100% | 0% | 0% |
| Fine Arts - Auditory Fine Arts | 4 | 10.00 | 100% | 0% | 0% |
| Fine Arts - Other Fine Arts | 3 | 13.33 | 100% | 33% | 0% |
| Fine Arts - Visual Fine Arts | 4 | 15.00 | 100% | 50% | 0% |
| History - American History | 2 | 10.00 | 50% | 50% | 0% |
| History - European History | 4 | 15.00 | 100% | 50% | 0% |
| History - Other History | 3 | 6.67 | 67% | 0% | 0% |
| History - World History | 2 | 15.00 | 50% | 50% | 50% |
| Literature - American Literature | 5 | 20.00 | 100% | 80% | 20% |
| Literature - British Literature | 5 | 18.00 | 100% | 60% | 20% |
| Literature - European Literature | 5 | 22.00 | 100% | 100% | 20% |
| Literature - World Literature | 4 | 20.00 | 100% | 75% | 25% |
| Mythology | 3 | 13.33 | 100% | 33% | 0% |
| Philosophy | 3 | 10.00 | 100% | 0% | 0% |
| Pop Culture | 3 | 16.67 | 100% | 67% | 0% |
| Religion | 5 | 16.00 | 100% | 40% | 20% |
| Science - Biology | 4 | 10.00 | 75% | 25% | 0% |
| Science - Chemistry | 7 | 11.43 | 57% | 14% | 43% |
| Science - Other Science | 2 | 15.00 | 100% | 50% | 0% |
| Science - Physics | 3 | 16.67 | 100% | 33% | 33% |
| Social Science | 4 | 10.00 | 100% | 0% | 0% |